000 00368nam a2200097Ia 4500
008 180130s9999 xx 000 0 und d
245 _cPerroni, Emilia
_aFatherhood or motherhood?
260 _c2014
300 _aBook title: Play : psychoanalytic perspectives, survival and human development--Acession number C18636; pages 157-159
650 _aPLAY--PSYCHOLOGICAL ASPECTS
999 _c354513
_d354513